000 01291cab a2200313 4500
001 ABS51399
008 090401t xxu||||| |||| 00| 0 eng d
035 _a(Sirsi) u24877
041 _aeng
245 _aBuilding homes; social housing
260 _cSupplement 30 September 1994(36)
300 _aLOAN
350 _a0
490 _aBuilding
_vSupplement 30 September 1994(36)
520 _aThis special feature on building homes for rent highlights the problems facing housing associations working within tight financial constraints due to cuts in government funding; calls for the reintroduction of minimum space requirements based on the 1961 Parker Morris standards; Omnisphere houses for providing temporary accommodation for the homeless in Los Angeles; outlines Labour party housing policy concluding with plans to build a new town on the edge of Peterborough.
650 _aHOUSING ASSOCIATIONS
650 _aHOUSING CORPORATIONS
650 _aHOUSING POLICY
650 _aLABOUR PARTY
650 _aNEW SETTLEMENTS
650 _aPARKER MORRIS STANDARDS
650 _aPETERBOROUGH SOUTHERN TOWNSHIP
650 _aSOCIAL HOUSING
650 _aSPACE REQUIREMENTS
650 _aTEMPORARY ACCOMMODATION
690 _aHOUSING
942 _n0
948 _c04/03/1997
999 _c16687
_d16687